00414nam a22001697a 450000500170000000800410001704100080005808200170006624500250008326000140010826000250012226000090014730000170015665000220017365000250019565000240022020180118134745.0180118b xxu||||| |||| 00| 0 spa d aspa a1.4.17 M549m aMenú internacional aMéxico  bEdiciones Euromexico c1999 a99 páginas aRECETAS DE COCINA aCOCINA INTERNACIONAL aALIMENTOS Y BEBIDAS